Štúdium malígnosti materiálov zastúpených v zbierkach moderného a súčasného umenia

Uložené v:
Podrobná bibliografia
Hlavný autor: Mencáková, Lucia (Autor)
Ďalší autori: Kučíková, Katarína (Vedúci práce)
Médium: Rukopis Kniha
Jazyk:Slovak
Vydavateľské údaje: 2024
Predmet:
On-line prístup:http://is.stuba.sk/zp/portal_zp.pl?podrobnosti=176564
Tagy: Pridať tag
Žiadne tagy, Buďte prvý, kto otaguje tento záznam!

MARC

LEADER 00000ntm a22000003a 4500
001 stuzp99289
003 SK-STU
005 20240601210604.0
007 ta
008 150427s2015----xo-----f-mn---000-0-slo-d
040 |a STU  |b slo 
041 0 |a slo 
100 1 |a Mencáková, Lucia  |u 049380  |4 aut  |U FCHPT Ústav prírodných a syntetických polymérov  |T FCHPT Oddelenie dreva, celulózy a papiera  |X 97510  |U C9380  |Y 129  |7 97510 
242 0 1 |a A study of the malignancy of materials represented in collections of modern and contemporary art  |y eng 
245 1 0 |a Štúdium malígnosti materiálov zastúpených v zbierkach moderného a súčasného umenia 
260 |c 2024 
650 4 |a papier  |2 slo 
650 4 |a urýchlené tepelné starnutie  |2 slo 
650 4 |a spektroskopické metódy analýzy  |2 slo 
650 4 |a mäkčený polyvinylchlorid  |2 slo 
650 4 |a dioktylftalát  |2 slo 
650 4 |a plasticized polyvinyl chloride  |2 eng 
650 4 |a dioctyl phthalate  |2 eng 
650 4 |a paper  |2 eng 
650 4 |a accelerated thermal aging  |2 eng 
650 4 |a spectroscopic analysis  |2 eng 
700 1 |a Kučíková, Katarína  |u 049380  |k Z2  |4 ths  |U FCHPT Ústav prírodných a syntetických polymérov  |T FCHPT Oddelenie dreva, celulózy a papiera  |X 40577  |U C9380  |Y 129  |7 A0000040577 
856 4 |u http://is.stuba.sk/zp/portal_zp.pl?podrobnosti=176564